000 00806nas a2200253 4500
001 BR9209554
003 BR-BrBNA
005 20231205093307.0
007 ta
008 230509b bl.|||p| |||| 00| 00por d
040 _aBR-BrBNA
_bpor
_cBiblioteca Nacional de Agricultura
041 _a(Pt)
072 _aL40
100 1 _aVicentini, C.A.
100 1 _aOrsi, A.M.
245 1 _aCaracteristicas citoquimicas e ultraestruturais do epitelio de revestimento na parte distal do epididimo do Hamster (Mesocricetus auratus)
650 _aHAMSTER
650 _aTESTICULO
650 _aCITOLOGIA
650 _aCELULA
773 0 _tRevista Brasileira de Biologia (Brazil)
_xISSN 0034-7108
_g(Feb 1989), v. 49(1) p. 291-301
_wBR9209554
909 _a202311
_bLúcia
_c55
_dLúcia Elande
942 _2AGRIS
_n0
_cANA
999 _c137346
_d137346